Città della Liguria - Morte improvvisa - Statistics

Statistiche generali
  • Questo quiz è stato fatto 295 volte
  • Il punteggio medio è 11 su 13
Answers on the Grid
Answers color-coded by a green-red scale on the quiz's grid according to % correct below.
San Remo
Novesa
Rappalo
Savona
Torino
Imperia
Portovenere
Chiavari
Verona
Monza
Genoa
Como
Milano
Cervo
Vernazza
Noli
Bergamo
Lecco
Camogli
Piacenza
Villanueva Los Francos
Sestri Levante
Laigueglia
Pisa
 
Statistiche sulle risposte
Risposta % Corretto
San Remo
98%
Imperia
95%
Savona
95%
Sestri Levante
90%
Genoa
85%
Portovenere
84%
Camogli
83%
Chiavari
82%
Rappalo
81%
Vernazza
76%
Laigueglia
70%
Noli
65%
Cervo
51%
Nessun quiz corrispondente trovato
Distribuzione punteggi
Percentuale di utenti per punteggio
Percentile per numero di risposta
I tuoi punteggi nel tempo
Non hai fatto questo quiz